MARC

LEADER 00000nam0a2200000 4500
001 135347
005 20231101220539.0
035 |a (RuTPU)RU\TPU\book\146686 
090 |a 135347 
100 |a 20080409d1971 m y0rusy50 ca 
101 0 |a rus 
102 |a RU 
105 |a a z 001zy 
200 1 |a Технология ультразвуковой очистки  |f О. К. Келлер, В. К. Самолетов, М. А. Супонина  |g Ленинградский Дом научно-технической пропаганды 
210 |a Ленинград  |c [Б. и.]  |d 1971 
215 |a 36 с.  |c ил. 
225 1 |a Прогрессивные методы обработки металлов, сплавов и других материалов 
320 |a Библиогр.: с. 35. 
610 1 |a ультразвуковая очистка 
610 1 |a детали машин 
610 1 |a очистка 
610 1 |a ультразвуковой метод 
675 |a 621.81-28  |v 3 
700 1 |a Келлер  |b О. К.  |g Олег Константинович 
701 1 |a Самолетов  |b В. К.  |g Владислав Кузьмич 
701 1 |a Супонина  |b М. А.  |g Марина Александровна 
712 0 2 |a Ленинградский Дом научно-технической пропаганды  |2 stltpush  |3 (RuTPU)RU\TPU\col\9483  |9 24698 
801 1 |a RU  |b 63413507  |c 20080409  |g PSBO 
801 2 |a RU  |b 63413507  |c 20081125  |g PSBO 
942 |c BK